| 000 | 00596nam a2200205Ia 4500 | ||
|---|---|---|---|
| 008 | 191130s2011##################000#0#eng## | ||
| 020 | _a9780763790134 | ||
| 040 |
_aACL _cACL |
||
| 082 | _a610 SEA | ||
| 100 | _aSeaward, Brian Luke | ||
| 245 |
_aHealth and wellness journal workbook _cBrian Luke Seaward |
||
| 250 | _a1st ed | ||
| 260 |
_aBoston, MA _bJones and Bartlett _c2011 |
||
| 300 | _axxiii, 216 p. : ill. ; 23 cm | ||
| 500 | _aIncludes index | ||
| 650 | _aHealth -- Problems, exercises, etc | ||
| 990 | _a6b4a8793ac10000c5a8ea9d28e08e910 | ||
| 991 | _a182630 | ||
| 999 |
_c202660 _d202660 |
||